US States with Large Cities - Statistics

General Stats
  • This quiz has been taken 2,260 times
  • The average score is 12 of 14
Answer Stats
# City State % Correct
3 Los Angeles, San Francisco, San Diego California
100%
1 New York City New York
98%
2 Dallas, Houston Texas
98%
3 Miami, Tampa, Orlando Florida
97%
1 Seattle Washington
91%
1 Chicago Illinois
89%
1 Phoenix Arizona
85%
1 Atlanta Georgia
85%
1 Philadelphia Pennsylvania
84%
1 Cleveland Ohio
83%
1 Boston Massachusetts
82%
1 Detroit Michigan
81%
1 Denver Colorado
74%
1 Minneapolis Minnesota
66%
No matching quizzes found
Score Distribution
Percent of People with Each Score
Percentile by Number Answered
Your Score History
You have not taken this quiz